Conference on Golf & Recreational Clubs & Time Share Developments (1993 February 15:Kuala Lumpur)

Bibliographic Details
Format: Book

MARC

LEADER 00000cam a2200000 7i4500
001 0000006211
005 20000203.0
040 |a INS 
090 0 0 |a S76 
245 0 0 |a Conference on Golf & Recreational Clubs & Time Share Developments (1993 February 15:Kuala Lumpur) 
999 |a S000000157   |b BOOK   |c Seminar   |e Default branch 
999 |a S000000772   |b BOOK   |c Seminar   |e Default branch 
999 |a S000000773   |b BOOK   |c Seminar   |e Default branch